000 00289nam a22001217a 4500
008 171030b xxu||||| |||| 00| 0 eng d
041 _aeng
080 _25 ED
_a336
100 _a57
101 _aFIN
245 _aCORPORATE FINANCE CASES AND MATERIALS
_cBRATTON.W.W
942 _2udc
_cBK
999 _c36434
_d36434